000 00800nam a2200241Ia 4500
005 20220312153148.0
008 210716s2012 xx 000 0 und d
020 _a9788126531196
040 _cAIMIT LIBRARY
041 _aeng
082 _a658.3
_210
_bDECD
100 _aDecenzo, David A.
_919656
245 _aFundamentals of human resource management /
_cBy David A DeCenzo, Stephen P Robbons and Susan L Verhulst.
250 _a10th ed.
260 _aNew Delhi :
_bWiley India ;
_c2012.
300 _axix, 410p ;
_c27cm
650 _aStaffing the organization
_919657
650 _aTrainning and development
_919658
650 _aMaintaining high performance
_919659
700 _aRobbins, Stephen P.
_919660
700 _aVerhulst, Susan L.
_919661
942 _2ddc
_cBK
_e10th
_k658.3 DECD
999 _c206813
_d206813